[Event "Oberliga Ost-A 1718"]
[Site "Germany"]
[Date "2018.02.25"]
[Round "8.1"]
[White "Pulpan, Jakub"]
[Black "Puls, Thomas"]
[Result "1-0"]
[WhiteElo "2390"]
[BlackElo "2220"]
[PlyCount "27"]
[EventDate "2017.10.22"]
[EventType "team-tourn"]
[EventRounds "11"]
[EventCountry "GER"]
[SourceTitle "EXT 2019"]
[Source "ChessBase"]
[SourceDate "2018.10.10"]
[SourceVersion "1"]
[SourceVersionDate "2018.10.10"]
[SourceQuality "1"]
[WhiteTeam "Aue Nickelhuette II"]
[BlackTeam "Halle USV"]
[WhiteTeamCountry "GER"]
[BlackTeamCountry "GER"]

1. Nf3 f5 2. d3 d6 3. e4 Nc6 4. exf5 Bxf5 5. d4 e5 6. Bb5 e4 7. d5 a6 8. Nd4 axb5 9. dxc6 Bc8 10. Qh5+ Ke7 11. Bg5+ Nf6 12. Bxf6+ gxf6 13. Nc3 Bg7 14. Nd5+ 1-0

[Event "Oberliga Ost-A 1617"]
[Site "Germany"]
[Date "2017.03.19"]
[Round "8.2"]
[White "Puls, Thomas"]
[Black "Pulpan, Jakub"]
[Result "1-0"]
[WhiteElo "2208"]
[BlackElo "2337"]
[PlyCount "85"]
[EventDate "2016.10.16"]
[EventType "team-tourn"]
[EventRounds "11"]
[EventCountry "GER"]
[SourceTitle "EXT 2018"]
[Source "ChessBase"]
[SourceDate "2017.10.13"]
[SourceVersion "1"]
[SourceVersionDate "2017.10.13"]
[SourceQuality "1"]
[WhiteTeam "Halle USV"]
[BlackTeam "Aue Nickelhuette II"]
[WhiteTeamCountry "GER"]
[BlackTeamCountry "GER"]

1. e4 c5 2. Nf3 d6 3. Bb5+ Bd7 4. Bxd7+ Nxd7 5. 0-0 Ngf6 6. Qe2 e6 7. b3 Be7 8. Bb2 0-0 9. c4 Rc8 10. d4 cxd4 11. Nxd4 a6 12. Nc3 Qa5 13. Rfd1 Rfe8 14. Rac1 Ne5 15. Kh1 Nc6 16. Nc2 b5 17. cxb5 axb5 18. f3 b4 19. Na4 d5 20. exd5 Nxd5 21. Ne3 Bg5 22. Rc5 Qd8 23. Nxd5 exd5 24. Qb5 Ne7 25. Qxb4 Rxc5 26. Nxc5 Nf5 27. Ne4 Bh6 28. Qb5 Ne3 29. Rd3 Qe7 30. Ng3 Bf4 31. Bd4 Nc2 32. Bg1 Bxg3 33. hxg3 d4 34. Bxd4 Qe6 35. Qg5 f6 36. Qc5 Rc8 37. Qb5 f5 38. Qb6 Rc6 39. Qd8+ Kf7 40. Bf2 Kg6 41. Qd7 Qf6 42. g4 Nb4 43. Qe8+ 1-0

[Event "Oberliga Ost-A 1415"]
[Site "Germany"]
[Date "2015.01.17"]
[Round "6.5"]
[White "Paul, Johannes"]
[Black "Puls, Thomas"]
[Result "1/2-1/2"]
[WhiteElo "2263"]
[BlackElo "2169"]
[PlyCount "39"]
[EventDate "2014.09.21"]
[EventType "team-tourn"]
[EventRounds "11"]
[EventCountry "GER"]
[SourceTitle "EXT 2016"]
[Source "ChessBase"]
[SourceDate "2015.10.08"]
[SourceVersion "1"]
[SourceVersionDate "2015.10.08"]
[SourceQuality "1"]
[WhiteTeam "Magdeburg Aufbau Elbe"]
[BlackTeam "Halle Volksbank"]
[WhiteTeamCountry "GER"]
[BlackTeamCountry "GER"]

1. c4 c5 2. g3 g6 3. Bg2 Bg7 4. Nc3 Nc6 5. Nf3 e6 6. d3 Nge7 7. Bg5 0-0 8. Qd2 d6 9. h4 f6 10. Bh6 Bxh6 11. Qxh6 Nf5 12. Qd2 Rb8 13. e3 a6 14. Ne4 b6 15. g4 d5 16. cxd5 exd5 17. Nc3 Nfe7 18. g5 Bg4 19. Nh2 Bh5 20. f4 1/2-1/2

[Event "Oberliga Ost-A 1415"]
[Site "Germany"]
[Date "2014.09.21"]
[Round "1.5"]
[White "Puls, Thomas"]
[Black "Pallas, Sebastian"]
[Result "1-0"]
[WhiteElo "2169"]
[BlackElo "2026"]
[PlyCount "73"]
[EventDate "2014.09.21"]
[EventType "team-tourn"]
[EventRounds "11"]
[EventCountry "GER"]
[SourceTitle "EXT 2016"]
[Source "ChessBase"]
[SourceDate "2015.10.08"]
[SourceVersion "1"]
[SourceVersionDate "2015.10.08"]
[SourceQuality "1"]
[WhiteTeam "Halle Volksbank"]
[BlackTeam "Loeberitz"]
[WhiteTeamCountry "GER"]
[BlackTeamCountry "GER"]

1. e4 c5 2. Nf3 d6 3. Bb5+ Nd7 4. d4 a6 5. Bxd7+ Bxd7 6. c4 Bg4 7. 0-0 cxd4 8. Qxd4 Bxf3 9. gxf3 Qc7 10. Be3 Nf6 11. Nc3 e6 12. b3 Be7 13. Kh1 Nd7 14. Rac1 0-0 15. Qd2 Rac8 16. Bf4 Ne5 17. Qe2 Ng6 18. Be3 f5 19. Rg1 fxe4 20. fxe4 Bf6 21. Qh5 Be5 22. Ne2 Qf7 23. c5 d5 24. c6 dxe4 25. cxb7 Qxb7 26. Rxg6 Bb2 27. Rg2 Bxc1 28. Nxc1 Rcd8 29. h3 Rf5 30. Qg4 h5 31. Qg6 Rd1+ 32. Kh2 Qc7+ 33. Qg3 Qf7 34. Ne2 Rf3 35. Qb8+ Kh7 36. Qe5 g6 37. Nf4 1-0

[Event "BL2-Nord 1112"]
[Site "Germany"]
[Date "2012.02.05"]
[Round "6.7"]
[White "Puls, Thomas"]
[Black "Neumeier, Lars"]
[Result "0-1"]
[WhiteElo "2191"]
[BlackElo "2286"]
[PlyCount "52"]
[EventDate "2011.10.02"]
[EventType "team-tourn"]
[EventRounds "9"]
[EventCountry "GER"]
[SourceTitle "EXT 2015"]
[Source "ChessBase"]
[SourceDate "2014.11.20"]
[SourceVersion "1"]
[SourceVersionDate "2014.11.20"]
[SourceQuality "1"]
[WhiteTeam "Halle Volksbank"]
[BlackTeam "Pankow Rotation"]
[WhiteTeamCountry "GER"]
[BlackTeamCountry "GER"]

1. f4 Nf6 2. Nf3 d6 3. e3 g6 4. b3 Bg7 5. Bb2 Nc6 6. Bb5 0-0 7. Bxc6 bxc6 8. 0-0 Ba6 9. d3 e5 10. fxe5 Ng4 11. Qe1 Re8 12. e4 Nxe5 13. Nxe5 Bxe5 14. Bxe5 Rxe5 15. Nd2 Qd7 16. Qg3 c5 17. Rf4 Rf8 18. Raf1 f5 19. Nf3 Ree8 20. Ng5 Qg7 21. h3 h6 22. Nf3 fxe4 23. Rg4 Kh7 24. Ne1 Rxf1+ 25. Kxf1 exd3 26. cxd3 Qa1 0-1

[Event "Oberliga Ost-A 1011"]
[Site "Germany"]
[Date "2011.02.05"]
[Round "6.6"]
[White "Guenther, Christian1"]
[Black "Puls, Thomas"]
[Result "0-1"]
[WhiteElo "2113"]
[BlackElo "2215"]
[PlyCount "84"]
[EventDate "2010.10.24"]
[EventType "team-tourn"]
[EventRounds "11"]
[EventCountry "GER"]
[SourceTitle "EXT 2012"]
[Source "ChessBase"]
[SourceDate "2011.11.24"]
[SourceVersion "1"]
[SourceVersionDate "2011.11.24"]
[SourceQuality "1"]
[WhiteTeam "Sangerhausen"]
[BlackTeam "Halle USV"]
[WhiteTeamCountry "GER"]
[BlackTeamCountry "GER"]

1. d4 f5 2. c4 Nf6 3. g3 e6 4. Bg2 c6 5. Qc2 d5 6. Nh3 Be7 7. 0-0 a5 8. Bg5 h6 9. Bxf6 Bxf6 10. e3 g5 11. Rd1 0-0 12. f3 Bg7 13. Kh1 Nd7 14. Nf2 Qe7 15. Nd3 Kh8 16. f4 b6 17. b3 Ba6 18. Nd2 Rac8 19. Nf3 Rfd8 20. Nde5 Nxe5 21. Nxe5 Bxe5 22. dxe5 dxc4 23. bxc4 Qc5 24. Rxd8+ Rxd8 25. Rd1 Rxd1+ 26. Qxd1 Bxc4 27. Qd8+ Kh7 28. Qd7+ Kg8 29. Qe8+ Qf8 30. Qxc6 Bxa2 31. Qxb6 a4 32. e4 gxf4 33. gxf4 fxe4 34. Qe3 Qf5 35. Bh3 Qg6 36. Qc5 Bd5 37. Qc8+ Kg7 38. Qd7+ Qf7 39. Qxa4 e3+ 40. Kg1 Qg6+ 41. Kf1 Qd3+ 42. Kg1 Qb1+ 0-1

[Event "Oberliga Ost-A 1011"]
[Site "Germany"]
[Date "2011.01.16"]
[Round "5.7"]
[White "Dobierzin, Olaf"]
[Black "Puls, Thomas"]
[Result "1/2-1/2"]
[WhiteElo "2088"]
[BlackElo "2215"]
[PlyCount "131"]
[EventDate "2010.10.24"]
[EventType "team-tourn"]
[EventRounds "11"]
[EventCountry "GER"]
[SourceTitle "EXT 2012"]
[Source "ChessBase"]
[SourceDate "2011.11.24"]
[SourceVersion "1"]
[SourceVersionDate "2011.11.24"]
[SourceQuality "1"]
[WhiteTeam "Leipzig Lok"]
[BlackTeam "Halle USV"]
[WhiteTeamCountry "GER"]
[BlackTeamCountry "GER"]

1. e4 d5 2. exd5 Qxd5 3. Nc3 Qa5 4. d4 c6 5. Nf3 Nf6 6. Bc4 Bf5 7. Bd2 Qc7 8. 0-0 e6 9. Bb3 Bd6 10. h3 0-0 11. Qe2 Nbd7 12. Nh4 Bg6 13. Nxg6 hxg6 14. Ne4 Bh2+ 15. Kh1 Bf4 16. Bxf4 Qxf4 17. Rae1 Rfd8 18. c3 Nxe4 19. Qxe4 Qxe4 20. Rxe4 c5 21. Rd1 Nf6 22. Re5 cxd4 23. cxd4 Rd7 24. Re3 Rad8 25. Red3 Ne4 26. Kg1 b6 27. Bc4 Nd6 28. Bb3 Nf5 29. d5 Ne7 30. d6 Nf5 31. Rc3 Nxd6 32. Rcd3 a6 33. Rc3 Ne4 34. Rxd7 Rxd7 35. Rc8+ Kh7 36. Rc6 Rd6 37. Rc7 f6 38. Bc2 Nc5 39. b4 Nd7 40. Kf1 Ne5 41. Bb3 Nc6 42. a3 g5 43. Bc2+ f5 44. g4 Kg6 45. gxf5+ exf5 46. Bb3 Nd4 47. Bf7+ Kf6 48. Be8 g6 49. Kg2 Re6 50. Bf7 Re7 51. Rxe7 Kxe7 52. Bc4 a5 53. bxa5 bxa5 54. a4 Kf6 55. Kg3 Nc6 56. Bb5 Nd4 57. Be8 Ne6 58. Kf3 Nf4 59. h4 Nd5 60. hxg5+ Kxg5 61. Kg3 f4+ 62. Kf3 Nf6 63. Bb5 Ng4 64. Be2 Nf6 65. Bb5 Ng4 66. Be2 1/2-1/2

[Event "Oberliga Ost-A 1011"]
[Site "Germany"]
[Date "2010.10.24"]
[Round "1.7"]
[White "Kirmas, Joachim"]
[Black "Puls, Thomas"]
[Result "1-0"]
[WhiteElo "2092"]
[BlackElo "2215"]
[PlyCount "55"]
[EventDate "2010.10.24"]
[EventType "team-tourn"]
[EventRounds "11"]
[EventCountry "GER"]
[SourceTitle "EXT 2012"]
[Source "ChessBase"]
[SourceDate "2011.11.24"]
[SourceVersion "1"]
[SourceVersionDate "2011.11.24"]
[SourceQuality "1"]
[WhiteTeam "Halle USV II"]
[BlackTeam "Halle USV"]
[WhiteTeamCountry "GER"]
[BlackTeamCountry "GER"]

1. e4 d5 2. exd5 Qxd5 3. Nc3 Qa5 4. d4 c6 5. Bc4 Bf5 6. Nf3 Nf6 7. Ne5 e6 8. Bd2 Qc7 9. Qe2 Nbd7 10. 0-0-0 h5 11. f3 Nb6 12. Bb3 0-0-0 13. g4 Bh7 14. Nxf7 Qxf7 15. Bxe6+ Qxe6 16. Qxe6+ Kb8 17. g5 Nfd5 18. Nxd5 Nxd5 19. g6 Bg8 20. Qf5 Nf6 21. Rhe1 h4 22. Bg5 Rh5 23. Bxf6 Rxf5 24. Bxd8 Kc8 25. Bxh4 Bd5 26. Be7 Bxf3 27. Rd3 Bh5 28. Rh3 1-0

[Event "Oberliga Ost-A 0809"]
[Site "Germany"]
[Date "2009.03.01"]
[Round "8.8"]
[White "Puls, Thomas"]
[Black "Meissner, Felix"]
[Result "1-0"]
[WhiteElo "2224"]
[BlackElo "2125"]
[PlyCount "41"]
[EventDate "2008.10.12"]
[EventType "team-tourn"]
[EventRounds "11"]
[EventCountry "GER"]
[SourceTitle "EXT 2010"]
[Source "ChessBase"]
[SourceDate "2010.11.25"]
[SourceVersion "1"]
[SourceVersionDate "2010.11.25"]
[SourceQuality "1"]
[WhiteTeam "Halle USV"]
[BlackTeam "Leipzig Gohlis"]
[WhiteTeamCountry "GER"]
[BlackTeamCountry "GER"]

1. f4 d5 2. Nf3 Nf6 3. e3 g6 4. b4 Bg7 5. Bb2 0-0 6. Be2 a5 7. b5 Nbd7 8. 0-0 Nc5 9. h3 Nce4 10. Qe1 Nd6 11. Na3 Qe8 12. Rb1 Nd7 13. Bxg7 Kxg7 14. c4 dxc4 15. Nxc4 Nxc4 16. Bxc4 e5 17. f5 Qe7 18. Qg3 h6 19. fxg6 fxg6 20. Nh4 Qe8 21. Rf7+ 1-0

[Event "Oberliga Ost-A 0708"]
[Site "Germany"]
[Date "2008.03.09"]
[Round "8.4"]
[White "Puls, Thomas"]
[Black "Pulina, Wolfgang"]
[Result "1-0"]
[WhiteElo "2190"]
[BlackElo "2132"]
[PlyCount "31"]
[EventDate "2007.09.23"]
[EventType "team-tourn"]
[EventRounds "11"]
[EventCountry "GER"]
[SourceTitle "EXT 2009"]
[Source "ChessBase"]
[SourceDate "2008.11.26"]
[SourceVersion "1"]
[SourceVersionDate "2008.11.26"]
[SourceQuality "1"]
[WhiteTeam "Halle USV II"]
[BlackTeam "Jena Jenapharm"]
[WhiteTeamCountry "GER"]
[BlackTeamCountry "GER"]

1. e4 c5 2. b3 Nc6 3. Bb2 d6 4. Bb5 Bd7 5. f4 a6 6. Bxc6 Bxc6 7. d3 Qc7 8. Nf3 Nf6 9. 0-0 e6 10. Qe2 Nd7 11. Ng5 h6 12. Qh5 Nf6 13. Bxf6 gxf6 14. Nxe6 Qe7 15. Nxf8 Qxf8 16. Nc3 1-0

[Event "Oberliga Ost-A 0708"]
[Site "Germany"]
[Date "2007.12.09"]
[Round "5.4"]
[White "Salewski, Bernd"]
[Black "Puls, Thomas"]
[Result "1/2-1/2"]
[WhiteElo "2059"]
[BlackElo "2190"]
[PlyCount "62"]
[EventDate "2007.09.23"]
[EventType "team-tourn"]
[EventRounds "11"]
[EventCountry "GER"]
[SourceTitle "EXT 2009"]
[Source "ChessBase"]
[SourceDate "2008.11.26"]
[SourceVersion "1"]
[SourceVersionDate "2008.11.26"]
[SourceQuality "1"]
[WhiteTeam "Naumburg"]
[BlackTeam "Halle USV II"]
[WhiteTeamCountry "GER"]
[BlackTeamCountry "GER"]

1. d4 f5 2. g4 d5 3. Qd3 g6 4. Bf4 Nf6 5. g5 Ne4 6. f3 Nd6 7. Be5 Rg8 8. Nc3 Be6 9. Nh3 Nc4 10. Bg3 Qd7 11. b3 Nb6 12. a4 a5 13. Nf4 Na6 14. Qb5 Bf7 15. Nd3 Nb4 16. Qxd7+ Kxd7 17. Ne5+ Ke8 18. 0-0-0 c6 19. h4 h5 20. Bh3 Nd7 21. Nd3 e6 22. Bc7 Rc8 23. Bg3 Nxd3+ 24. Rxd3 Bb4 25. Kb2 Kf8 26. Na2 Be7 27. Be1 b6 28. Nc3 Bd6 29. e4 Kg7 30. e5 Be7 31. Ne2 c5 1/2-1/2

[Event "Oberliga Ost-A 0708"]
[Site "Germany"]
[Date "2007.09.23"]
[Round "1.3"]
[White "Engelmann, Jakob"]
[Black "Puls, Thomas"]
[Result "0-1"]
[WhiteElo "2120"]
[BlackElo "2190"]
[PlyCount "98"]
[EventDate "2007.09.23"]
[EventType "team-tourn"]
[EventRounds "11"]
[EventCountry "GER"]
[SourceTitle "EXT 2009"]
[Source "ChessBase"]
[SourceDate "2008.11.26"]
[SourceVersion "1"]
[SourceVersionDate "2008.11.26"]
[SourceQuality "1"]
[WhiteTeam "Halle USV"]
[BlackTeam "Halle USV II"]
[WhiteTeamCountry "GER"]
[BlackTeamCountry "GER"]

1. e4 d5 2. exd5 Qxd5 3. Nc3 Qa5 4. d4 c6 5. Bc4 Bf5 6. Bd2 Qb6 7. Nf3 Nf6 8. 0-0 e6 9. Bb3 Bd6 10. Re1 0-0 11. Na4 Qc7 12. c4 Bg4 13. h3 Bh5 14. Nc3 Nbd7 15. Qc1 Bxf3 16. gxf3 e5 17. d5 Nc5 18. Bc2 a5 19. a3 cxd5 20. cxd5 Nh5 21. Be3 f5 22. Nb5 Qd7 23. Nxd6 Qxd6 24. b4 Nd7 25. Qb1 e4 26. fxe4 Ne5 27. Bd1 Qg6+ 28. Kh1 Ng3+ 29. Kh2 Nxe4 30. Rg1 Qd6 31. Kh1 Qxd5 32. f3 Nd2 33. Qa2 Ndc4 34. Bh6 Rf7 35. Qg2 Ng6 36. Bg5 axb4 37. Bb3 b5 38. Rgd1 Qe5 39. Re1 Qc3 40. Bxc4 bxc4 41. Bd2 Qd4 42. Bxb4 Nf4 43. Qd2 Nd3 44. Rg1 Qh4 45. Kh2 Re8 46. Bd6 Qd4 47. Bb4 Re3 48. Bc3 Qd6+ 49. Rg3 Rfe7 0-1

[Event "Oberliga Ost-A 0506"]
[Site "Germany"]
[Date "2006.04.02"]
[Round "11.4"]
[White "Puls, Thomas"]
[Black "Hoffmeyer, Falk"]
[Result "0-1"]
[WhiteElo "2197"]
[BlackElo "2238"]
[PlyCount "70"]
[EventDate "2005.11.13"]
[EventType "team-tourn"]
[EventRounds "11"]
[EventCountry "GER"]
[SourceTitle "EXT 2007"]
[Source "ChessBase"]
[SourceDate "2006.11.23"]
[SourceVersion "1"]
[SourceVersionDate "2006.11.23"]
[SourceQuality "1"]
[WhiteTeam "Halle USV II"]
[BlackTeam "Magdeburg Rochade"]
[WhiteTeamCountry "GER"]
[BlackTeamCountry "GER"]

1. e4 c5 2. b3 Nc6 3. Nc3 g6 4. f4 Bg7 5. Nf3 e6 6. Bb2 Nge7 7. Bb5 0-0 8. 0-0 Nd4 9. Bd3 b5 10. Kh1 a6 11. Nxd4 Bxd4 12. f5 exf5 13. exf5 d5 14. f6 Nf5 15. Qf3 Rb8 16. Rab1 Bxc3 17. dxc3 h5 18. Rbd1 Qxf6 19. Bxf5 Bxf5 20. Rxd5 Qe6 21. Rxc5 Be4 22. Qg3 Qg4 23. Qf2 Rbd8 24. Kg1 Rd1 25. Re5 Rxf1+ 26. Qxf1 Rd8 27. h3 Qh4 28. Qe2 f5 29. Qe3 Rd1+ 30. Kh2 Qe1 31. Qxe1 Rxe1 32. c4 Re2 33. Kg3 g5 34. Kh2 Rxg2+ 35. Kh1 Rxc2+ 0-1

[Event "Oberliga Ost-A 0506"]
[Site "Germany"]
[Date "2006.03.19"]
[Round "9.4"]
[White "Bores, Roman"]
[Black "Puls, Thomas"]
[Result "1-0"]
[WhiteElo "2207"]
[BlackElo "2197"]
[PlyCount "119"]
[EventDate "2005.11.13"]
[EventType "team-tourn"]
[EventRounds "11"]
[EventCountry "GER"]
[SourceTitle "EXT 2007"]
[Source "ChessBase"]
[SourceDate "2006.11.23"]
[SourceVersion "1"]
[SourceVersionDate "2006.11.23"]
[SourceQuality "1"]
[WhiteTeam "Ebersbach"]
[BlackTeam "Halle USV II"]
[WhiteTeamCountry "GER"]
[BlackTeamCountry "GER"]

1. e4 d5 2. exd5 Qxd5 3. Nc3 Qa5 4. d4 c6 5. Nf3 Nf6 6. Bc4 Bf5 7. Bd2 e6 8. Nd5 Qd8 9. Nxf6+ gxf6 10. Bb3 Nd7 11. Qe2 Qb6 12. 0-0-0 0-0-0 13. Be3 Qa5 14. Nh4 Bg6 15. Nxg6 hxg6 16. h4 Bg7 17. g3 Kb8 18. c4 e5 19. Qd2 Qc7 20. Kb1 c5 21. dxc5 Nxc5 22. Qc2 f5 23. Rxd8+ Rxd8 24. Rd1 Bf6 25. Rxd8+ Bxd8 26. Qd1 Nxb3 27. axb3 Bf6 28. Qd5 b6 29. b4 f4 30. gxf4 exf4 31. Bd4 Bxd4 32. Qxd4 f3 33. Kc2 a6 34. Kd3 Kb7 35. Qd5+ Kb8 36. Ke4 f5+ 37. Kxf3 Qe7 38. c5 bxc5 39. bxc5 Qxh4 40. Qd6+ Kc8 41. Qxa6+ Kd8 42. Qd6+ Kc8 43. Qf4 Qh1+ 44. Ke2 Qd5 45. b4 Qa2+ 46. Kf1 Qa6+ 47. Kg1 Qd3 48. Kg2 Qc3 49. Qh4 Qe5 50. Qc4 g5 51. b5 g4 52. Qg8+ Kb7 53. Qf7+ Kb8 54. Qf8+ Kb7 55. Qd6 Qe4+ 56. Kh2 Qc2 57. Qd5+ Kb8 58. Kg2 f4 59. c6 Qh7 60. Qd8+ 1-0

[Event "Oberliga Ost-A 0506"]
[Site "Germany"]
[Date "2006.01.28"]
[Round "6.4"]
[White "Puls, Thomas"]
[Black "Piotraschke, Jens"]
[Result "1/2-1/2"]
[WhiteElo "2197"]
[BlackElo "2218"]
[PlyCount "32"]
[EventDate "2005.11.13"]
[EventType "team-tourn"]
[EventRounds "11"]
[EventCountry "GER"]
[SourceTitle "EXT 2007"]
[Source "ChessBase"]
[SourceDate "2006.11.23"]
[SourceVersion "1"]
[SourceVersionDate "2006.11.23"]
[SourceQuality "1"]
[WhiteTeam "Halle USV II"]
[BlackTeam "Coswig"]
[WhiteTeamCountry "GER"]
[BlackTeamCountry "GER"]

1. e4 c6 2. d4 d5 3. e5 c5 4. dxc5 e6 5. Be3 Nh6 6. Bd3 Nd7 7. Nf3 Nxc5 8. Bxc5 Bxc5 9. 0-0 0-0 10. Nbd2 f6 11. Qe2 Nf7 12. Rae1 fxe5 13. Nxe5 Nxe5 14. Qxe5 g6 15. Nf3 Bd6 16. Qe3 Qf6 1/2-1/2

[Event "Oberliga Ost-A 0506"]
[Site "Germany"]
[Date "2006.01.15"]
[Round "5.4"]
[White "Matthey, Harald"]
[Black "Puls, Thomas"]
[Result "1-0"]
[WhiteElo "2225"]
[BlackElo "2197"]
[PlyCount "67"]
[EventDate "2005.11.13"]
[EventType "team-tourn"]
[EventRounds "11"]
[EventCountry "GER"]
[SourceTitle "EXT 2007"]
[Source "ChessBase"]
[SourceDate "2006.11.23"]
[SourceVersion "1"]
[SourceVersionDate "2006.11.23"]
[SourceQuality "1"]
[WhiteTeam "Loeberitz"]
[BlackTeam "Halle USV II"]
[WhiteTeamCountry "GER"]
[BlackTeamCountry "GER"]

1. e4 d5 2. exd5 Qxd5 3. Nc3 Qa5 4. d4 c6 5. Nf3 Nf6 6. Ne5 Be6 7. Bc4 Bxc4 8. Nxc4 Qd8 9. Bf4 e6 10. 0-0 Be7 11. Qd3 0-0 12. Rad1 Nd5 13. Bg3 Nxc3 14. Qxc3 a5 15. a4 Nd7 16. Qb3 b5 17. Ne3 Qb6 18. axb5 cxb5 19. c4 bxc4 20. Qxc4 Rfc8 21. Qe2 Bf6 22. Qd2 a4 23. Ng4 Rc4 24. Ne5 Rc7 25. Qe2 Rb7 26. Nc4 Qc6 27. Rc1 Qd5 28. Rfd1 Rb4 29. Ne3 Qb5 30. Qf3 Qb7 31. d5 Bxb2 32. Rc7 Qb5 33. dxe6 Nb6 34. Qxa8+ 1-0